Introduction to Japanese politics
Saved in:
| Main Author: | |
|---|---|
| Format: | Book |
| Language: | English |
| Published: |
Armonk
M.E. Sharpe
2005
|
| Edition: | 4. ed. |
| Series: | An east gate book
|
| Subjects: | |
| Tags: |
No Tags, Be the first to tag this record!
|
MARC
| LEADER | 00000nam$a2200000$$$4500 | ||
|---|---|---|---|
| 001 | 0033813 | ||
| 005 | 20240306135240.5 | ||
| 020 | |a 0-7656-1338-7 | ||
| 041 | 0 | |a eng | |
| 044 | |a US | ||
| 245 | 1 | 0 | |a Introduction to Japanese politics |c Louis D. Hayes |
| 250 | |a 4. ed. | ||
| 264 | 1 | |a Armonk |b M.E. Sharpe |c 2005 | |
| 300 | |a 395 s. | ||
| 490 | 1 | |a An east gate book | |
| 830 | 0 | |a An east gate book | |
| 610 | 2 | 0 | |a politika |
| 610 | 2 | 0 | |a história |
| 610 | 2 | 0 | |a konflikty medzinárodné |
| 610 | 2 | 0 | |a vojny |
| 610 | 2 | 0 | |a vláda |
| 610 | 2 | 0 | |a korupcia |
| 610 | 2 | 0 | |a reformy |
| 610 | 2 | 0 | |a politika sociálna |
| 610 | 2 | 0 | |a politika hospodárska |
| 610 | 2 | 0 | |a vzdelanie |
| 610 | 2 | 0 | |a bezpečnosť |
| 610 | 2 | 0 | |a obyvateľstvo |
| 610 | 2 | 0 | |a politika zahraničná |
| 610 | 2 | 0 | |a obrana štátu |
| 610 | 2 | 0 | |a Japonsko |
| 100 | 1 | |a Hayes, Louis D. | |